书目信息 |
| 题名: |
质量管理
|
|
| 作者: | 刘伟 , 刘国宁 主编 ;中国职业经理人培训中心 编 | |
| 分册: | ||
| 出版信息: | 北京 中国言实出版社 2005.01 |
|
| 页数: | 350页 | |
| 开本: | 24cm | |
| 丛书名: | 职业经理人最新实用手册 | |
| 单 册: | ||
| 中图分类: | F270-62 | |
| 科图分类: | ||
| 主题词: | 企业管理--qi ye guan li--手册 | |
| 电子资源: | ||
| ISBN: | 7-80128-648-0 | |
| 000 | 01172nam 2200277 450 | |
| 001 | 012006444094 | |
| 005 | 20060906100510.73 | |
| 010 | @a7-80128-648-0@dCNY35.00 | |
| 100 | @a20060611d2005 km y0chiy0120 ea | |
| 101 | 0 | @achi |
| 102 | @aCN@b110000 | |
| 105 | @aa z 000yy | |
| 200 | 1 | @a质量管理@Azhi liang guan li@d= Quality Managerment@f刘伟, 刘国宁主编@Fliu wei,liu guo ning zhu bian@g中国职业经理人培训中心编@Gzhong guo zhi ye jing li ren pei xun zhong xin bian@zeng |
| 210 | @a北京@c中国言实出版社@d2005.01 | |
| 215 | @a350页@c图@d24cm | |
| 225 | 2 | @a职业经理人最新实用手册@Azhi ye jing li ren zui xin shi yong shou ce |
| 330 | @a本书根据国内外职业经理人必知的管理知识,将营销、财务、法律、企化、人事、项目管理等方面的内容汇编成书,从专业管理的角度予以分析,并附有案例。 | |
| 410 | 0 | @12001 @a职业经理人最新实用手册 |
| 510 | 1 | @aQuality Managerment@zeng |
| 606 | 0 | @a企业管理@Aqi ye guan li@j手册 |
| 690 | @aF270-62@v4 | |
| 701 | 0 | @a刘伟@Aliu wei@4主编 |
| 701 | 0 | @a刘国宁@Aliu guo ning@4主编 |
| 712 | 02 | @a中国职业经理人培训中心@Azhong guo zhi ye jing li ren pei xun zhong xin@4编 |
| 801 | 0 | @aCN@bQSSK@c20060906 |
| 905 | @a10447@dF270-62@eL683 | |
| 质量管理= Quality Managerment/刘伟, 刘国宁主编/中国职业经理人培训中心编.-北京:中国言实出版社,2005.01 |
| 350页:图;24cm.-(职业经理人最新实用手册) |
| ISBN 7-80128-648-0:CNY35.00 |
| 本书根据国内外职业经理人必知的管理知识,将营销、财务、法律、企化、人事、项目管理等方面的内容汇编成书,从专业管理的角度予以分析,并附有案例。 |
| ● |
| 相关链接 |
|
|
|
正题名:质量管理
索取号:F270-62/L683
 
预约/预借
| 序号 | 登录号 | 条形码 | 馆藏地/架位号 | 状态 | 备注 |
| 1 | 585056 | 205850569 | 社科二线400B/400B社科库 2排2列1层/ [索取号:F270-62/L683] | 在馆 | |
| 2 | 585057 | 205850578 | 社科库409/409社科库 86排2列3层/ [索取号:F270-62/L683] | 在馆 | |
| 3 | 585058 | 205850587 | 社科库409/409社科库 86排2列3层/ [索取号:F270-62/L683] | 在馆 |